| 000 | 00706nam a2200133Ia 4500 | ||
|---|---|---|---|
| 008 | 171212s9999 xx 000 0 und d | ||
| 020 | _a9780874215519 | ||
| 100 | _aBush, Laura | ||
| 245 |
_cBush, Laura _aFaithful Transgressions In The American West _bSix Twentieth-Century Mormon Women's Autobiographical Acts |
||
| 260 |
_bUniversity Press of Colorado _c2004 |
||
| 650 | _aAmerican prose literature -- Mormon authors -- History and criticism; American prose literature -- Women authors -- History and criticism; American prose literature -- West (U.S.) -- History and criticism; Women authors, American -- Biography -- History a | ||
| 650 | _aHistory | ||
| 856 | _uwww.jstor.org/stable/10.2307/j.ctt46nqvx | ||
| 999 |
_c353064 _d353064 |
||